Paths to peace: (Record no. 193689)

MARC details
000 -LEADER
fixed length control field 00760nam a22001937a 4500
005 - DATE AND TIME OF LATEST TRANSACTION
control field 20221109151825.0
010 ## - LCCN (DPL NO)
LC control number ENG-135637
020 ## - INTERNATIONAL STANDARD BOOK NUMBER
International Standard Book Number 97881846207587
Terms of availability 395.00
035 ## - SYSTEM CONTROL NUMBER
System control number EN-119169
037 ## - SOURCE OF ACQUISITION
Source of stock number/acquisition DBAD/PUB
082 ## - DEWEY DECIMAL CLASSIFICATION NUMBER
Classification number 201.7273
100 ## - MAIN ENTRY--PERSONAL NAME
Personal name Collier, Dirk
245 ## - TITLE STATEMENT
Title Paths to peace:
Remainder of title religion, ethics & tolerance in a globalizing world/
Statement of responsibility, etc by Dirk Collier; forwarded by Herman Van Rompuy
260 ## - PUBLICATION, DISTRIBUTION, ETC. (IMPRINT)
Place of publication, distribution, etc Prabhadevi
Name of publisher, distributor, etc Vakils, Feffer & Simons Pvt. Ltd.
Date of publication, distribution, etc 2013
270 ## - ADDRESS
Address Industry Manor, Appasaheb Marathe Marg, Pravedevi
City Mumbai
-- 400025
Telephone number 912224306780
Fax number 912224225111
Electronic mail address info@vakilspublications.com
300 ## - PHYSICAL DESCRIPTION
Extent 214p.
Dimensions 23cm(pbk)
Other physical details Bibliography & Index
700 ## - ADDED ENTRY--PERSONAL NAME
Personal name Rompuy, Herman Van
Relator term forwarder
942 ## - ADDED ENTRY ELEMENTS (KOHA)
Source of classification or shelving scheme Dewey Decimal Classification
Item type English Books
Call number suffix COL
Classification part 201.7273
Holdings
Withdrawn status Lost status Not for loan Collection code Home library Current library Date acquired Source of acquisition Cost, normal purchase price Full call number Barcode Copy number Cost, replacement price Koha item type
      Fiction Peshwa Road Peshwa Road 09/11/2022 DBAD/PUB 395.00 201.7273 COL EN-119169 1 395.00 English Books

© Delhi Public Library
Hit Counter
free hit counter